Modern concepts on water resources (Record no. 1335)

000 -LEADER
fixed length control field 00600nam a22002177a 4500
001 - CONTROL NUMBER
control field 1335
003 - CONTROL NUMBER IDENTIFIER
control field BD-DhUET
008 - FIXED-LENGTH DATA ELEMENTS--GENERAL INFORMATION
fixed length control field 140903b xxu||||| |||| 00| 0 eng d
020 ## - INTERNATIONAL STANDARD BOOK NUMBER
International Standard Book Number 9848090309
040 ## - CATALOGING SOURCE
Original cataloging agency 0
Transcribing agency 0
Modifying agency BD-DhUET
082 ## - DEWEY DECIMAL CLASSIFICATION NUMBER
Classification number 628.16068095492
Item number FAI/2007
100 ## - MAIN ENTRY--PERSONAL NAME
Personal name Faisal Hossain
245 ## - TITLE STATEMENT
Title Modern concepts on water resources
Statement of responsibility, etc. by Faisal Hossain,Md. Delawer Hossain
250 ## - EDITION STATEMENT
Edition statement Ist ed.
260 ## - PUBLICATION, DISTRIBUTION, ETC. (IMPRINT)
Place of publication, distribution, etc. Dhaka
Name of publisher, distributor, etc. UGC,
Date of publication, distribution, etc. 2007
300 ## - PHYSICAL DESCRIPTION
Extent xv,222p.
504 ## - BIBLIOGRAPHY, ETC. NOTE
Bibliography, etc Includes bibliographies
650 #0 - SUBJECT ADDED ENTRY--TOPICAL TERM
Topical term or geographic name as entry element Water resources management
Geographic subdivision Bangladesh
700 ## - ADDED ENTRY--PERSONAL NAME
Personal name Delawer Hossain, Md.
942 ## - ADDED ENTRY ELEMENTS (KOHA)
Koha item type General Book
Holdings
Copy number Date acquired Koha full call number Withdrawn status Koha date last seen Price effective from Not for loan Lost status Damaged status Piece designation (barcode) Shelving location Koha item type Source of classification or shelving scheme Sublocation or collection (holding branch) Koha normalized classification for sorting Location (home branch)
12014-09-03628.16068095492/FAI/2007 2014-09-032014-09-03   103500Circulation sectionGeneral Book Central Library, BUET628_160680954920000_FAI_2007Central Library, BUET
22014-09-03628.16068095492/FAI/2007 2014-09-032014-09-03   103501Circulation sectionGeneral Book Central Library, BUET628_160680954920000_FAI_2007Central Library, BUET
32014-09-03628.16068095492/FAI/2007 2014-09-032014-09-03   103502Circulation sectionGeneral Book Central Library, BUET628_160680954920000_FAI_2007Central Library, BUET
42014-09-03628.16068095492/FAI/2007 2014-09-032014-09-03   103503Circulation sectionGeneral Book Central Library, BUET628_160680954920000_FAI_2007Central Library, BUET
52014-09-03628.16068095492/FAI/2007 2014-09-032014-09-03   103504Circulation sectionGeneral Book Central Library, BUET628_160680954920000_FAI_2007Central Library, BUET
62014-09-03628.16068095492/FAI/2007 2014-09-032014-09-03   103505Circulation sectionGeneral Book Central Library, BUET628_160680954920000_FAI_2007Central Library, BUET
72014-09-03628.16068095492/FAI/2007 2014-09-032014-09-03   103506Circulation sectionGeneral Book Central Library, BUET628_000000000000000_1606809549Central Library, BUET
82014-09-03628.16068095492/FAI/2007 2014-09-032014-09-03   103507Circulation sectionGeneral Book Central Library, BUET628_000000000000000_1606809549Central Library, BUET
92014-09-03628.16068095492/FAI/2007 2014-09-032014-09-03   103508Circulation sectionGeneral Book Central Library, BUET628_160680954920000_FAI_2007Central Library, BUET
102014-09-03628.16068095492/FAI/2007 2014-09-032014-09-03   103509Circulation sectionGeneral Book Central Library, BUET628_000000000000000_1606809549Central Library, BUET
112016-07-26628.16068095492/FAI/2007 2016-07-262016-07-26   114242Circulation sectionGeneral Book Central Library, BUET628_160680954920000_FAI_2007Central Library, BUET
122016-07-26628.16068095492/FAI/2007 2016-07-262016-07-26   114243Circulation sectionGeneral Book Central Library, BUET628_160680954920000_FAI_2007Central Library, BUET